Umění po roce 1900 : modernismus, antimodernismus, postmodernismus

Enregistré dans:
Détails bibliographiques
Format: Livre
Langue:tchèque
Publié: Praha : Slovart, 2007
Sujets:
Tags: Ajouter un tag
Pas de tags, Soyez le premier à ajouter un tag!

MARC

LEADER 00000nam a22000003a 4500
001 stu166413
005 20141123024546.0
008 080704s2007------------------------cze-d
020 |a 978-80-7209-952-8 
040 |a STU  |b slo 
041 0 |a cze 
245 |a Umění po roce 1900 :  |b modernismus, antimodernismus, postmodernismus 
260 |a Praha :  |b Slovart,  |c 2007 
300 |a 704 s 
650 7 |a umenie  |2 stusub 
650 7 |a modernizmus  |2 stusub 
650 7 |a dejiny umenia  |2 stusub 
996 |b 284AU03985  |c A*5912 U  |l AAKNST  |s P  |a 0  |w stu166413_0001